000 00410cam a2200169ua 4500
001 2883
008 131128n II |||gr||||Z||||||asm
040 _aMAIN
041 _aEnglish
082 _a891.45131 SAI
100 _aSAIKIA, BHABENDRA NATH.
245 _aBHABENDRA SAIKIAR UPANYAS SAMAGRA
260 _aDIBRUGARH:
_bBANALATA.,
_c2006.
300 _a404:
_c23CM.
653 _aAsomiya Novels
942 _cBK
999 _c2877
_d2877